Statistics for Stadiums that Hosted the Most Test Matches

Click here to take the quiz!

General Stats

  • This quiz has been taken 12 times
    (7 since last reset)
  • The average score is 13 of 30

Answer Stats

CityCountryTests HostedStadium/Ground (Official Name)% Correct
BrisbaneAustralia59Brisbane Cricket Ground
100%
LondonEngland139Lord's
100%
MelbourneAustralia109Melbourne Cricket Ground
100%
SydneyAustralia106Sydney Cricket Ground
100%
ManchesterEngland77Old Trafford
86%
LondonEngland100The Oval
86%
NottinghamEngland61Trent Bridge
86%
AdelaideAustralia74Adelaide Oval
71%
BirminghamEngland50Edgbaston
71%
LeedsEngland76Headingley
71%
KolkotaIndia40Eden Gardens
57%
AucklandNew Zealand49Eden Park
57%
PerthAustralia43Western Australian Cricket Association Ground
57%
LahorePakistan40Gaddafi Stadium
43%
ChristchurchNew Zealand40Lancaster Park
43%
Cape TownSouth Africa54Newlands
29%
WellingtonNew Zealand60Basin Reserve
14%
GeorgetownGuyana (WI)30Bourda
14%
New DelhiIndia32Feroz Shah Kotla Ground
14%
HarareZimbabwe34Harare Sports Club
14%
DurbanSouth Africa42Kingsmead
14%
ChennaiIndia32M.A. Chidambaram Stadium
14%
JohannesburgSouth Africa37New Wanderers Stadium
14%
KingstonJamaica (WI)49Sabina Park
14%
ColomboSri Lanka40Singhalese Sports Club Ground
14%
GalleSri Lanka29Galle International Stadium
0%
BridgetownBarbados (WI)51Kensington Oval
0%
KarachiPakistan41National Stadium
0%
Port of SpainTrinidad and Tobago (WI)60Queen's Park Oval
0%
Port ElizabethSouth Africa27St. George's Park
0%

Score Distribution

Percentile by Number Answered

Percent of People with Each Score

Your Score History

You have not taken this quiz since the last reset